000 005030000a22001690004500
003 MACL
005 20160303155148.0
008 160303b xxu||||| |||| 00| 0 eng d
040 _aMACL
_cMACL
041 _aHindi
082 _a891.431
100 _aगुप्‍ता किरणकुमारी
_942497
245 _aतुलसी सौरभ
260 _bसाहित्‍य निकेतन
_c1949
_aकानपुर
650 _aPoetry
_942498
942 _cHIN
_k891.431
_2ddc
999 _c25190
_d25190